Star Wars : couleurs des sabres - Statistiques

Statistiques générales
  • Ce quiz a été pris 638 fois
  • Le résultat moyen est 11 sur 12
Statistiques - réponses
Personnage Couleur du sabre % Correct
Dark Maul Rouge
100%
Dark Vador Rouge
100%
Yoda Vert
100%
Anakin Bleu
99%
Obi-Wan Bleu
99%
Compte Dooku Rouge
99%
Qui Gon Jin Vert
99%
Luke Vert
99%
Mace Windu Violet
99%
Kylo ren Rouge
98%
Rey Jaune
80%
Ashoka Blanc
75%
Aucun quiz correspondant
Distribution des résultats
% des personnes avec chaque résultat
Percentile par nombre de réponses
Votre historique - résultats
Vous n’avez pas pris ce quiz